<?xml version="1.0" encoding="UTF-8"?><?xml-stylesheet type="text/xsl" href="static/style.xsl"?><OAI-PMH xmlns="http://www.openarchives.org/OAI/2.0/" xmlns:xsi="http://www.w3.org/2001/XMLSchema-instance" xsi:schemaLocation="http://www.openarchives.org/OAI/2.0/ http://www.openarchives.org/OAI/2.0/OAI-PMH.xsd"><responseDate>2026-04-17T20:22:03Z</responseDate><request verb="GetRecord" identifier="oai:www.recercat.cat:2445/217153" metadataPrefix="marc">https://recercat.cat/oai/request</request><GetRecord><record><header><identifier>oai:recercat.cat:2445/217153</identifier><datestamp>2025-12-05T14:52:06Z</datestamp><setSpec>com_2072_1057</setSpec><setSpec>col_2072_478917</setSpec><setSpec>col_2072_478921</setSpec><setSpec>col_2072_478924</setSpec></header><metadata><record xmlns="http://www.loc.gov/MARC21/slim" xmlns:dcterms="http://purl.org/dc/terms/" xmlns:xsi="http://www.w3.org/2001/XMLSchema-instance" xmlns:doc="http://www.lyncode.com/xoai" xsi:schemaLocation="http://www.loc.gov/MARC21/slim http://www.loc.gov/standards/marcxml/schema/MARC21slim.xsd">
   <leader>00925njm 22002777a 4500</leader>
   <datafield ind2=" " ind1=" " tag="042">
      <subfield code="a">dc</subfield>
   </datafield>
   <datafield ind2=" " ind1=" " tag="720">
      <subfield code="a">Martínez-González, Miguel Ángel, 1957-</subfield>
      <subfield code="e">author</subfield>
   </datafield>
   <datafield ind2=" " ind1=" " tag="720">
      <subfield code="a">Domínguez López, Inés</subfield>
      <subfield code="e">author</subfield>
   </datafield>
   <datafield ind2=" " ind1=" " tag="720">
      <subfield code="a">Arancibia Riveros, Camila</subfield>
      <subfield code="e">author</subfield>
   </datafield>
   <datafield ind2=" " ind1=" " tag="720">
      <subfield code="a">Casas Rodríguez, Rosa M.</subfield>
      <subfield code="e">author</subfield>
   </datafield>
   <datafield ind2=" " ind1=" " tag="720">
      <subfield code="a">Galkina, Polina</subfield>
      <subfield code="e">author</subfield>
   </datafield>
   <datafield ind2=" " ind1=" " tag="720">
      <subfield code="a">Pérez, Maria</subfield>
      <subfield code="e">author</subfield>
   </datafield>
   <datafield ind2=" " ind1=" " tag="720">
      <subfield code="a">Fitó Colomer, Montserrat</subfield>
      <subfield code="e">author</subfield>
   </datafield>
   <datafield ind2=" " ind1=" " tag="720">
      <subfield code="a">Ros Rahola, Emilio</subfield>
      <subfield code="e">author</subfield>
   </datafield>
   <datafield ind2=" " ind1=" " tag="720">
      <subfield code="a">Estruch Riba, Ramon</subfield>
      <subfield code="e">author</subfield>
   </datafield>
   <datafield ind2=" " ind1=" " tag="720">
      <subfield code="a">Lamuela Raventós, Rosa Ma.</subfield>
      <subfield code="e">author</subfield>
   </datafield>
   <datafield ind2=" " ind1=" " tag="260">
      <subfield code="c">2024-12-17T13:04:14Z</subfield>
   </datafield>
   <datafield ind2=" " ind1=" " tag="260">
      <subfield code="c">2024-12-17T13:04:14Z</subfield>
   </datafield>
   <datafield ind2=" " ind1=" " tag="260">
      <subfield code="c">2024-02-01</subfield>
   </datafield>
   <datafield ind2=" " ind1=" " tag="260">
      <subfield code="c">2024-12-17T13:04:14Z</subfield>
   </datafield>
   <datafield ind2=" " ind1=" " tag="520">
      <subfield code="a">&lt;span style="color:rgb( 46 , 46 , 46 )">Objectives: Several studies suggest that moderate wine consumption, particularly red wine, may have benefits for cardiovascular health. Red wine contains a variety of bioactive compounds, including polyphenols like phenolic acids, which have demonstrated anti-inflammatory effects in experimental models. The aim of this study was to assess the anti-inflammatory properties of wine, measured as urinary tartaric acid, a new biomarker of wine consumption. Design, settings, and participants: One-year longitudinal study that included 217 participants from the PREDIMED trial. Measurements: Plasma inflammatory biomarkers and urinary tartaric acid were analyzed using xMAP technology and high-performance liquid chromatography, respectively. Multivariable regression analyses were performed to assess the relationship between variations over 1-year in urinary tartaric acid concentrations and 1-year changes in serum inflammatory molecules, including adhesion cell molecules, interleukine-6, tumour necrosis factor alpha, and monocyte chemotactic protein 1. Three categories were built according to tertiles of 1-y changes in urinary tartaric acid. Results: Using a ROC curve, urinary tartaric acid was corroborated as a reliable biomarker of wine consumption (AUC = 0.818 (95% CI: 0.76; 0.87). In the continuous analysis, participants with higher increases in tartaric acid significantly reduced their concentrations in soluble vascular adhesion molecule (sVCAM-1) after 1-year of follow-up (−0.20 (−0.38; −9,93) ng/mL per 1-SD increment, p-value = 0.031). Moreover, tertiles 2 and 3 of 1-year changes in tartaric acid presented a significant reduction in soluble intercellular cell adhesion molecule (sICAM-1) as compared to tertile 1 (−0.31 (−0.52; −0.10) ng/mL, p-value = 0.014 and −0.29 (−0.52; −0.07) ng/mL, p-value = 0.023, respectively). Participants in the third tertile also exhibited a reduced concentration of sVCAM-1 compared to those in the first tertile (−0.31 (−0.55; −0.06) ng/mL, p-value = 0.035). Conclusions: Our findings suggest that wine consumption is associated with lower levels of inflammation due to the anti-inflammatory properties of wine compounds.&lt;/span></subfield>
   </datafield>
   <datafield tag="653" ind2=" " ind1=" ">
      <subfield code="a">Àcid tàrtric</subfield>
   </datafield>
   <datafield tag="653" ind2=" " ind1=" ">
      <subfield code="a">Marcadors bioquímics</subfield>
   </datafield>
   <datafield tag="653" ind2=" " ind1=" ">
      <subfield code="a">Polifenols</subfield>
   </datafield>
   <datafield tag="653" ind2=" " ind1=" ">
      <subfield code="a">Tartaric acid</subfield>
   </datafield>
   <datafield tag="653" ind2=" " ind1=" ">
      <subfield code="a">Biochemical markers</subfield>
   </datafield>
   <datafield tag="653" ind2=" " ind1=" ">
      <subfield code="a">Polyphenols</subfield>
   </datafield>
   <datafield ind2="0" ind1="0" tag="245">
      <subfield code="a">Moderate wine consumption measured using the biomarker urinary tartaric acid concentration decreases inflammatory mediators related to atherosclerosis</subfield>
   </datafield>
</record></metadata></record></GetRecord></OAI-PMH>